[Event "GER CupT"]
[Site "Germany"]
[Date "2023.01.29"]
[Round "2.3"]
[White "Schnabel, Ralf"]
[Black "Izinger, Imre"]
[Result "1-0"]
[WhiteElo "2224"]
[BlackElo "1525"]
[PlyCount "81"]
[EventDate "2023.01.28"]
[EventType "team-k.o."]
[EventRounds "4"]
[EventCountry "GER"]
[SourceTitle "EXT 2024"]
[Source "ChessBase"]
[SourceDate "2023.10.10"]
[SourceVersion "1"]
[SourceVersionDate "2023.10.10"]
[SourceQuality "1"]
[WhiteTeam "Nickelhuette Aue"]
[BlackTeam "Stendal"]
[WhiteTeamCountry "GER"]
[BlackTeamCountry "GER"]

1. e4 c5 2. Nf3 Nc6 3. d4 cxd4 4. Nxd4 Nf6 5. Nc3 e5 6. Ndb5 a6 7. Nd6+ Bxd6 8. Qxd6 Qe7 9. Qd2 0-0 10. b3 d6 11. Bc4 Be6 12. Nd5 Bxd5 13. exd5 Na7 14. a4 Nc8 15. Be2 Nb6 16. c4 Rfd8 17. a5 Nbd7 18. 0-0 Nf8 19. Re1 Ng6 20. b4 Rac8 21. Bb2 Qc7 22. g3 Re8 23. Bf1 Qd7 24. Rac1 Rc7 25. Rc2 Rec8 26. Rec1 Kf8 27. Bg2 Qg4 28. h3 Qd7 29. Kh2 Kg8 30. c5 Qb5 31. Bf1 Qd7 32. c6 bxc6 33. Bxa6 Ra8 34. dxc6 Qe7 35. Bb7 Ra7 36. b5 Rcxb7 37. cxb7 Rxb7 38. b6 Ne4 39. Qd5 Nf6 40. Rc8+ Nf8 41. Qc6 1-0

[Event "Calvia Amateur op 19th"]
[Site "Calvia"]
[Date "2022.10.12"]
[Round "5"]
[White "Schnabel, Ralf"]
[Black "Hutchinson, Paul A"]
[Result "1/2-1/2"]
[WhiteElo "2224"]
[BlackElo "2097"]
[PlyCount "154"]
[EventDate "2022.10.08"]
[EventType "swiss"]
[EventRounds "9"]
[EventCountry "ESP"]
[SourceTitle "CBM 210 Extra"]
[Source "ChessBase"]
[SourceDate "2022.11.30"]
[SourceVersion "1"]
[SourceVersionDate "2022.11.30"]
[SourceQuality "1"]

1. e4 d5 2. exd5 Qxd5 3. Nc3 Qa5 4. d4 Nf6 5. Bd2 Qb6 6. Nf3 Bg4 7. h3 Bxf3 8. Qxf3 c6 9. 0-0-0 e6 10. Be3 Qc7 11. Kb1 Nbd7 12. g4 Bb4 13. Bc1 Qa5 14. Ne2 Qd5 15. Bg2 Qxf3 16. Bxf3 Nb6 17. c3 Bd6 18. b3 0-0 19. g5 Nfd7 20. c4 Bc7 21. h4 Rfd8 22. h5 e5 23. Be4 exd4 24. Nxd4 Nc5 25. Bc2 Be5 26. Be3 Nbd7 27. Rhe1 Bc7 28. b4 Ne6 29. Nxe6 fxe6 30. Kb2 Ne5 31. Rxd8+ Bxd8 32. Kc3 Nf3 33. Rd1 Bxg5 34. Bxg5 Nxg5 35. Rd7 Rb8 36. a4 a6 37. a5 e5 38. Re7 e4 39. Bxe4 Kf8 40. Re5 Re8 41. Rf5+ Kg8 42. Bg2 Nf7 43. Kd4 g6 44. hxg6 hxg6 45. Rf4 Nd6 46. Kc5 Nf5 47. Kb6 Re7 48. b5 axb5 49. cxb5 Nd6 50. bxc6 Nc8+ 51. Kc5 bxc6 52. Bxc6 Re5+ 53. Bd5+ Kg7 54. Rf7+ Kh6 55. f4 Re1 56. a6 Ra1 57. Bb7 Rc1+ 58. Kd5 Rd1+ 59. Ke5 Nd6 60. Rc7 Nb5 61. Rc6 Re1+ 62. Kd5 Na7 63. Rb6 Rf1 64. Ke4 Re1+ 65. Kf3 Rf1+ 66. Kg3 Ra1 67. f5 Kg5 68. fxg6 Kh6 69. Kf4 Ra5 70. Ke4 Nb5 71. Kd3 Nc7 72. Kc3 Rxa6 73. Bxa6 Nd5+ 74. Kd4 Nxb6 75. Bd3 Nd7 76. Kd5 Nf8 77. Ke5 Nxg6+ 1/2-1/2

[Event "Calvia Amateur op 19th"]
[Site "Calvia"]
[Date "2022.10.10"]
[Round "3"]
[White "Schnabel, Ralf"]
[Black "Serra Olives, Tomas"]
[Result "1-0"]
[WhiteElo "2224"]
[BlackElo "2041"]
[PlyCount "97"]
[EventDate "2022.10.08"]
[EventType "swiss"]
[EventRounds "9"]
[EventCountry "ESP"]
[SourceTitle "CBM 210 Extra"]
[Source "ChessBase"]
[SourceDate "2022.11.30"]
[SourceVersion "1"]
[SourceVersionDate "2022.11.30"]
[SourceQuality "1"]

1. e4 c5 2. Nf3 d6 3. d4 cxd4 4. Nxd4 Nf6 5. Nc3 a6 6. a4 e5 7. Nf3 Nc6 8. Bg5 Be7 9. Bxf6 Bxf6 10. Nd5 0-0 11. Bc4 Be6 12. 0-0 Bxd5 13. Bxd5 Qc7 14. c3 Bd8 15. Qd3 Qe7 16. Rfd1 Rc8 17. Nd2 Bb6 18. Nc4 Ba7 19. Rd2 Rcd8 20. Rad1 Bb8 21. Ne3 a5 22. Qb5 Qc7 23. Nc4 Ba7 24. Bxc6 bxc6 25. Qxa5 Qe7 26. Nxe5 Ra8 27. Nxc6 Qxe4 28. Nxa7 Qb7 29. Rxd6 Rxa7 30. Qb5 Qe4 31. R6d4 Qc2 32. h3 g6 33. a5 Raa8 34. R4d2 Qe4 35. b4 Rfe8 36. Qd5 Qf4 37. Qf3 Qc4 38. Rd4 Qb3 39. Rd7 Rac8 40. Qd5 Rxc3 41. Qxb3 Rxb3 42. Rd8 Kf8 43. R1d4 Rb2 44. g4 Ke7 45. R4d7+ Ke6 46. Rxe8+ Kxd7 47. Rb8 Kc7 48. Rb6 Ra2 49. g5 1-0

[Event "Colonia de Sant Jordi op-A"]
[Site "Colonia de Sant Jordi"]
[Date "2022.06.04"]
[Round "1"]
[White "Schnabel, Ralf"]
[Black "Mach, Jan"]
[Result "1-0"]
[WhiteElo "2228"]
[BlackElo "1831"]
[PlyCount "123"]
[EventDate "2022.06.04"]
[EventType "swiss"]
[EventRounds "9"]
[EventCountry "ESP"]
[SourceTitle "CBM 208 Extra"]
[Source "ChessBase"]
[SourceDate "2022.07.31"]
[SourceVersion "1"]
[SourceVersionDate "2022.07.31"]
[SourceQuality "1"]

1. e4 c5 2. Nf3 g6 3. d4 cxd4 4. Nxd4 Nc6 5. Nc3 Bg7 6. Nb3 Nf6 7. Be2 d6 8. 0-0 0-0 9. Bg5 Be6 10. f4 a6 11. Bf3 Qb6+ 12. Kh1 Bxb3 13. axb3 Rfe8 14. Re1 Nd4 15. Bxf6 Bxf6 16. Nd5 Qc5 17. b4 Qa7 18. e5 Nxf3 19. Qxf3 Bg7 20. Nc7 dxe5 21. fxe5 e6 22. Rad1 Re7 23. Nxa8 Qxa8 24. Qd3 h5 25. Qd8+ Qxd8 26. Rxd8+ Kh7 27. h4 Rc7 28. c3 Kh6 29. g3 g5 30. hxg5+ Kxg5 31. Kg2 Kf5 32. Rd3 Kg6 33. Re4 Kf5 34. Re2 Kg6 35. Rd4 Kg5 36. Kf3 Kf5 37. Rh4 Kg5 38. Reh2 Bxe5 39. Rxh5+ Kf6 40. Rd2 Re7 41. Rh1 Rc7 42. Rh5 Re7 43. b5 axb5 44. Re2 Bb8 45. Rxb5 Rd7 46. g4 Ke7 47. Re4 Bd6 48. Rc4 f6 49. Rh5 e5 50. Rh7+ Ke6 51. Rxd7 Kxd7 52. Ra4 Ke6 53. Ke4 b5 54. Ra7 b4 55. c4 Bc5 56. Ra6+ Kf7 57. Kf5 Be7 58. b3 Kg7 59. Rb6 Kf7 60. Rb7 Kf8 61. Ke6 Bc5 62. Kxf6 1-0

[Event "Pardubice Czech op-A 32nd"]
[Site "Pardubice"]
[Date "2021.07.31"]
[Round "9"]
[White "Schnabel, Ralf"]
[Black "Hajiyev, Kanan"]
[Result "1/2-1/2"]
[WhiteElo "2235"]
[BlackElo "2118"]
[PlyCount "98"]
[EventDate "2021.07.23"]
[EventType "swiss"]
[EventRounds "9"]
[EventCountry "CZE"]
[SourceTitle "CBM 203 Extra"]
[Source "ChessBase"]
[SourceDate "2021.09.30"]
[SourceVersion "1"]
[SourceVersionDate "2021.09.30"]
[SourceQuality "1"]

1. e4 c6 2. d4 d5 3. Nd2 a6 4. c3 h6 5. Bd3 dxe4 6. Nxe4 Bf5 7. Nf3 e6 8. 0-0 Nf6 9. Re1 Nxe4 10. Bxe4 Bxe4 11. Rxe4 Nd7 12. Bf4 Nf6 13. Re1 Bd6 14. Be5 0-0 15. h3 Rc8 16. Qb3 b5 17. a4 Bxe5 18. Nxe5 Qb6 19. axb5 axb5 20. Nd3 Nd7 21. Qa3 c5 22. Qa7 Qxa7 23. Rxa7 Rfd8 24. dxc5 Nxc5 25. Ne5 Nd3 26. Nxd3 Rxd3 27. Rb7 Rc5 28. Re2 g5 29. f3 h5 30. Kf2 h4 31. Ke1 Rcd5 32. Kf2 Rd2 33. Rc7 Kg7 34. c4 bxc4 35. Rxc4 Rd1 36. Rcc2 Rb1 37. Re1 Rdd1 38. Rxd1 Rxd1 39. Ke2 Rb1 40. Kd3 f5 41. Re2 Kf6 42. Kc2 Ra1 43. Kc3 e5 44. b3 Ke6 45. Rb2 Kd5 46. Rd2+ Kc6 47. Re2 Kd5 48. Rd2+ Kc6 49. Re2 Kd5 1/2-1/2

[Event "Pardubice Czech op-A 32nd"]
[Site "Pardubice"]
[Date "2021.07.24"]
[Round "2"]
[White "Schnabel, Ralf"]
[Black "Neuman, Petr"]
[Result "1-0"]
[WhiteElo "2235"]
[BlackElo "2397"]
[PlyCount "73"]
[EventDate "2021.07.23"]
[EventType "swiss"]
[EventRounds "9"]
[EventCountry "CZE"]
[SourceTitle "CBM 203 Extra"]
[Source "ChessBase"]
[SourceDate "2021.09.30"]
[SourceVersion "1"]
[SourceVersionDate "2021.09.30"]
[SourceQuality "1"]

1. e4 g6 2. Nc3 Bg7 3. h4 h5 4. d4 c6 5. Bc4 d5 6. exd5 b5 7. Bb3 b4 8. Ne4 cxd5 9. Ng5 Nh6 10. a3 bxa3 11. Rxa3 0-0 12. Ne2 Nc6 13. c3 Na5 14. Bc2 Nc4 15. Ra2 Bg4 16. f3 Bf5 17. b3 Nd6 18. 0-0 Bxc2 19. Qxc2 Nhf5 20. g3 e5 21. dxe5 Bxe5 22. Kg2 Qc7 23. Rd1 Rfe8 24. Rxd5 Bxg3 25. Nxg3 Nxg3 26. Bf4 Re2+ 27. Qxe2 Nxe2 28. Rxe2 Qxc3 29. Rxd6 Qxb3 30. Red2 Qb5 31. R6d5 Qc6 32. Rd6 Qb5 33. R6d5 Qc6 34. Be5 Re8 35. Rd8 Kf8 36. Nh7+ Ke7 37. Bf6+ 1-0

[Event "Berlin-Wien Rapid Hybrid"]
[Site "Tornelo INT"]
[Date "2021.03.27"]
[Round "3.4"]
[White "Froewis, Annika"]
[Black "Schnabel, Ralf"]
[Result "0-1"]
[WhiteElo "2143"]
[BlackElo "2235"]
[PlyCount "106"]
[EventDate "2021.03.27"]
[EventType "team-schev (rapid)"]
[EventRounds "4"]
[EventCountry "AUT"]
[SourceTitle "CBM 202 Extra"]
[Source "ChessBase"]
[SourceDate "2021.07.31"]
[SourceVersion "1"]
[SourceVersionDate "2021.07.31"]
[SourceQuality "1"]
[WhiteTeam "Wien"]
[BlackTeam "Berlin"]
[WhiteTeamCountry "AUT"]
[BlackTeamCountry "GER"]

1. d4 f5 2. Bg5 h6 3. Bh4 g5 4. e3 Nf6 5. Bg3 d6 6. h4 g4 7. c4 Nh5 8. Ne2 Nc6 9. Nbc3 Bg7 10. Bh2 e5 11. d5 Ne7 12. Ng3 Nxg3 13. Bxg3 h5 14. Qc2 0-0 15. f4 e4 16. 0-0-0 c5 17. Be1 Bd7 18. Ne2 b5 19. Ng3 Qe8 20. cxb5 Rb8 21. a4 a6 22. Ba5 Nc8 23. Bc3 axb5 24. Bxg7 Kxg7 25. Qc3+ Kg6 26. axb5 Bxb5 27. Kd2 Bxf1 28. Rhxf1 Qb5 29. Rb1 Nb6 30. Nxh5 Rf7 31. Ng3 Nxd5 32. h5+ Kh6 33. Qa3 Nb4 34. Rfd1 d5 35. Ke1 Nd3+ 36. Rxd3 Qxd3 37. Qxd3 exd3 38. Kd2 c4 39. Kc3 Rfb7 40. Nxf5+ Kxh5 41. Nd4 g3 42. Nf5 Kg4 43. Nh6+ Kh5 44. Nf5 Kg6 45. Nxg3 Rb3+ 46. Kd4 Rxb2 47. f5+ Kg5 48. Rxb2 Rxb2 49. Kxd5 d2 50. Ne4+ Kxf5 51. Nf2 d1Q+ 52. Nxd1 Rd2+ 53. Kxc4 Rxd1 0-1

[Event "Berlin-Wien Hybrid"]
[Site "Tornelo INT"]
[Date "2021.03.27"]
[Round "1.2"]
[White "Morgunov, Marc"]
[Black "Schnabel, Ralf"]
[Result "1-0"]
[WhiteElo "2385"]
[BlackElo "2235"]
[PlyCount "56"]
[EventDate "2021.03.27"]
[EventType "team-match"]
[EventRounds "1"]
[EventCountry "AUT"]
[SourceTitle "CBM 202 Extra"]
[Source "ChessBase"]
[SourceDate "2021.07.31"]
[SourceVersion "1"]
[SourceVersionDate "2021.07.31"]
[SourceQuality "1"]
[WhiteTeam "Wien"]
[BlackTeam "Berlin"]
[WhiteTeamCountry "AUT"]
[BlackTeamCountry "GER"]

1. e4 Nf6 2. e5 Nd5 3. d4 d6 4. Nf3 dxe5 5. Nxe5 g6 6. Be2 Bg7 7. 0-0 0-0 8. c4 Nb6 9. Nc3 N8d7 10. Nf3 Nf6 11. Bf4 c6 12. Qd2 Bg4 13. b3 Re8 14. h3 Bf5 15. Rfe1 a5 16. a4 Nc8 17. Rad1 Qb6 18. g4 Be6 19. Ng5 Bd7 20. c5 Qd8 21. d5 Na7 22. Bc4 Rf8 23. Ne6 fxe6 24. dxe6 Bxe6 25. Rxe6 Kh8 26. Qe3 Nd5 27. Nxd5 cxd5 28. Rxd5 Qc8 1-0

[Event "EU-ch blitz"]
[Site "Tallinn"]
[Date "2019.12.07"]
[Round "4"]
[White "Frischmann, Rick"]
[Black "Schnabel, Ralf"]
[Result "1-0"]
[WhiteElo "2450"]
[BlackElo "2159"]
[PlyCount "87"]
[EventDate "2019.12.07"]
[EventType "swiss (blitz)"]
[EventRounds "22"]
[EventCountry "EST"]
[SourceTitle "CBM 193 Extra"]
[Source "ChessBase"]
[SourceDate "2020.01.31"]
[SourceVersion "1"]
[SourceVersionDate "2020.01.31"]
[SourceQuality "1"]

1. e4 Nf6 2. e5 Nd5 3. d4 d6 4. Bc4 Nb6 5. Bb3 Nc6 6. e6 Bxe6 7. d5 Nxd5 8. Bxd5 Bxd5 9. Qxd5 e6 10. Qb5 Qd7 11. Nf3 0-0-0 12. 0-0 a6 13. Qe2 Rg8 14. c4 Be7 15. Nc3 g5 16. Be3 f5 17. Nd4 Ne5 18. f4 Ng4 19. Bd2 Rg6 20. Rae1 Re8 21. h3 Nh6 22. fxg5 Nf7 23. h4 Ne5 24. Nf3 Ng4 25. h5 Rgg8 26. Qxe6 Ne5 27. Qxd7+ Nxd7 28. Nd5 Bd8 29. Nd4 c6 30. Nc3 Rxe1 31. Rxe1 Ne5 32. b3 Bxg5 33. Bxg5 Rxg5 34. Rf1 Rxh5 35. Nxf5 Kd7 36. Ne4 Kc7 37. Nfxd6 Nd3 38. Rf7+ Kb6 39. Rxb7+ Ka5 40. c5 Nb2 41. a3 Re5 42. Nd2 Rxc5 43. N2c4+ Nxc4 44. Nxc4+ 1-0

[Event "EU-ch blitz"]
[Site "Tallinn"]
[Date "2019.12.07"]
[Round "3"]
[White "Schnabel, Ralf"]
[Black "Frischmann, Rick"]
[Result "0-1"]
[WhiteElo "2159"]
[BlackElo "2450"]
[PlyCount "52"]
[EventDate "2019.12.07"]
[EventType "swiss (blitz)"]
[EventRounds "22"]
[EventCountry "EST"]
[SourceTitle "CBM 193 Extra"]
[Source "ChessBase"]
[SourceDate "2020.01.31"]
[SourceVersion "1"]
[SourceVersionDate "2020.01.31"]
[SourceQuality "1"]

1. e4 c5 2. Nf3 e6 3. b3 b6 4. Bb2 Bb7 5. Qe2 Nc6 6. Nc3 Nf6 7. 0-0-0 Nd4 8. Qe1 Be7 9. Kb1 0-0 10. Bd3 d6 11. Rg1 a6 12. Nxd4 cxd4 13. Ne2 e5 14. f3 d5 15. Ng3 Re8 16. exd5 Bf8 17. Be4 Bxd5 18. d3 a5 19. Ne2 a4 20. Nc1 axb3 21. axb3 Ba3 22. Bxa3 Rxa3 23. Qb4 Qa8 24. Kb2 Ra1 25. g4 Qa7 26. g5 Ra8 0-1

[Event "EU-ch rapid"]
[Site "Tallinn"]
[Date "2019.12.05"]
[Round "3"]
[White "Studer, Noel"]
[Black "Schnabel, Ralf"]
[Result "0-1"]
[WhiteElo "2405"]
[BlackElo "2220"]
[PlyCount "107"]
[EventDate "2019.12.05"]
[EventType "swiss"]
[EventRounds "13"]
[EventCountry "EST"]
[SourceTitle "CBM 193 Extra"]
[Source "ChessBase"]
[SourceDate "2020.01.31"]
[SourceVersion "1"]
[SourceVersionDate "2020.01.31"]
[SourceQuality "1"]

1. d4 f5 2. c4 Nf6 3. g3 g6 4. Bg2 Bg7 5. Nf3 d6 6. 0-0 0-0 7. Nc3 c6 8. Re1 Ne4 9. Qc2 Nxc3 10. bxc3 e5 11. dxe5 dxe5 12. Ba3 Re8 13. Rad1 Nd7 14. e4 f4 15. Bh3 fxg3 16. hxg3 Qf6 17. Re3 Nf8 18. Bxc8 Raxc8 19. Bd6 Rcd8 20. c5 Rd7 21. Red3 Rf7 22. R1d2 g5 23. Nh2 h5 24. Rf3 Qe6 25. Rf5 Rxf5 26. exf5 Qf7 27. Nf3 Bf6 28. Qe4 Nd7 29. Rb2 g4 30. Ne1 b6 31. Qxc6 e4 32. cxb6 Nxb6 33. Re2 Nd5 34. Bb4 e3 35. fxe3 Rxe3 36. Rxe3 Nxe3 37. Nd3 Kh7 38. Nf4 Nxf5 39. Qe4 Bg5 40. Ne6 Kg6 41. Bc5 a6 42. Kg2 Kh6 43. Bf8+ Kg6 44. Bc5 Kh6 45. Qc6 Qg6 46. Bf8+ Kh7 47. Qd7+ Kg8 48. Bc5 Ne3+ 49. Bxe3 Bxe3 50. Qc8+ Kf7 51. Nd8+ Ke7 52. Nc6+ Kd6 53. Qd8+ Kxc6 54. Qc8+ 0-1

[Event "Berlin Lichtenrade op 15th"]
[Site "Berlin"]
[Date "2019.10.14"]
[Round "3"]
[White "Bolk, Matthias"]
[Black "Schnabel, Ralf"]
[Result "1/2-1/2"]
[WhiteElo "2087"]
[BlackElo "2235"]
[PlyCount "24"]
[EventDate "2019.10.12"]
[EventType "swiss"]
[EventRounds "9"]
[EventCountry "GER"]
[SourceTitle "CBM 195 Extra"]
[Source "ChessBase"]
[SourceDate "2020.05.31"]
[SourceVersion "1"]
[SourceVersionDate "2020.05.31"]
[SourceQuality "1"]

1. b4 c6 2. c4 d5 3. cxd5 cxd5 4. Bb2 Nf6 5. e3 e6 6. b5 Be7 7. Nf3 0-0 8. Be2 Nbd7 9. 0-0 Ne4 10. d3 Nd6 11. a4 Nc5 12. Nbd2 Bd7 1/2-1/2

[Event "Berlin Lichtenrade op 15th"]
[Site "Berlin"]
[Date "2019.10.13"]
[Round "2"]
[White "Schnabel, Ralf"]
[Black "Harutyunyan, Axel"]
[Result "1-0"]
[WhiteElo "2235"]
[BlackElo "1909"]
[PlyCount "151"]
[EventDate "2019.10.12"]
[EventType "swiss"]
[EventRounds "9"]
[EventCountry "GER"]
[SourceTitle "CBM 192 Extra"]
[Source "Chessbase"]
[SourceDate "2019.11.06"]
[SourceVersion "1"]
[SourceVersionDate "2019.11.06"]
[SourceQuality "1"]

1. e4 c6 2. Nc3 d5 3. Qe2 d4 4. Nd1 e5 5. d3 Bd6 6. g3 Nf6 7. f4 Qc7 8. Nf3 Bg4 9. f5 c5 10. Nf2 Bxf3 11. Qxf3 Nc6 12. g4 0-0-0 13. h4 Kb8 14. Bg2 Rc8 15. 0-0 Qe7 16. g5 Nd7 17. Ng4 Qd8 18. Rf2 h5 19. Nh2 Qa5 20. Bd2 Qb6 21. b3 Nb4 22. Qd1 Rcf8 23. Nf1 g6 24. Bh3 Qc7 25. Ng3 Be7 26. a3 Nc6 27. Qe2 Nb6 28. Qe1 Nc8 29. Nf1 Nd6 30. Qb1 Nb5 31. Qb2 Qd8 32. Rg2 Rhg8 33. Nh2 Nc7 34. Nf3 Bd6 35. Rf1 Nb5 36. Rgf2 Qe7 37. Be1 Qd8 38. Nd2 Be7 39. Nf3 Bd6 40. Kh2 Qc7 41. Nd2 Qd8 42. Rg2 Ka8 43. Nb1 Be7 44. Bd2 Kb8 45. Qc1 Bd6 46. Rf3 Ne7 47. Rgf2 Nc7 48. Qf1 Nc6 49. Bc1 Qe7 50. Nd2 Qd8 51. Nc4 Be7 52. Bd2 b6 53. Kg1 Kb7 54. Kg2 Kb8 55. fxg6 fxg6 56. Rxf8 Rxf8 57. Rxf8 Qxf8 58. Qxf8+ Bxf8 59. Bd7 b5 60. Bxc6 bxc4 61. dxc4 Be7 62. Bd7 Bd6 63. Ba5 Kb7 64. Bxc7 Kxc7 65. Be8 Kd8 66. Bxg6 Ke7 67. Bxh5 Kf8 68. Kh3 Kg7 69. Kg4 Bc7 70. Kf5 Bb8 71. Ke6 Bc7 72. Kd5 Ba5 73. Be8 Be1 74. h5 Bd2 75. g6 Be3 76. Kxe5 1-0

[Event "EU-ch 20th"]
[Site "Skopje"]
[Date "2019.03.29"]
[Round "11"]
[White "Ivanova, Karina"]
[Black "Schnabel, Ralf"]
[Result "0-1"]
[WhiteElo "2114"]
[BlackElo "2205"]
[PlyCount "84"]
[EventDate "2019.03.18"]
[EventType "swiss"]
[EventRounds "11"]
[EventCountry "MKD"]
[SourceTitle "CBM 189"]
[Source "ChessBase"]
[SourceDate "2019.04.29"]
[SourceVersion "1"]
[SourceVersionDate "2019.04.29"]
[SourceQuality "1"]

1. Nf3 Nf6 2. g3 g6 3. Bg2 Bg7 4. 0-0 d5 5. d4 0-0 6. Nbd2 c6 7. c4 a5 8. b3 Qb6 9. a3 Ne4 10. Bb2 Nxd2 11. Qxd2 Qxb3 12. c5 Nd7 13. Rfb1 Qa4 14. e3 b6 15. cxb6 Nxb6 16. Bc3 Nc4 17. Qc1 Ba6 18. Bf1 Bb5 19. Bd3 Nd6 20. Bc2 Qc4 21. a4 Qxc3 22. Rb3 Qc4 23. Nd2 Qe2 24. axb5 cxb5 25. Bd1 Qe1+ 26. Kg2 a4 27. Rc3 Rac8 28. Qb2 Rxc3 29. Qxc3 Rc8 30. Qb2 a3 31. Qa2 e6 32. Nf3 Qc3 33. Qxa3 Qxa3 34. Rxa3 Nc4 35. Ra7 Rb8 36. Ng5 Nd6 37. Bg4 h5 38. Bxe6 fxe6 39. Nxe6 Bf8 40. Nf4 Nc8 41. Ra1 Ne7 42. h4 b4 0-1

[Event "EU-ch 20th"]
[Site "Skopje"]
[Date "2019.03.27"]
[Round "9"]
[White "Ayats Llobera, Gerard"]
[Black "Schnabel, Ralf"]
[Result "1-0"]
[WhiteElo "2377"]
[BlackElo "2205"]
[PlyCount "87"]
[EventDate "2019.03.18"]
[EventType "swiss"]
[EventRounds "11"]
[EventCountry "MKD"]
[SourceTitle "CBM 189"]
[Source "ChessBase"]
[SourceDate "2019.04.29"]
[SourceVersion "1"]
[SourceVersionDate "2019.04.29"]
[SourceQuality "1"]

1. e4 c5 2. Nf3 d6 3. d4 cxd4 4. Qxd4 Nc6 5. Qe3 Nf6 6. c4 g6 7. h3 Bg7 8. Nc3 0-0 9. Be2 Nb4 10. Qd2 a5 11. 0-0 Bd7 12. Rd1 Bc6 13. a3 Na6 14. Qc2 Qc7 15. Nd5 Bxd5 16. exd5 Nc5 17. Bf4 a4 18. Nd4 Nfd7 19. Nb5 Qb6 20. Be3 Qd8 21. Re1 Nb3 22. Rad1 Ndc5 23. h4 Qd7 24. Bf3 h5 25. Bg5 Rae8 26. Re3 f5 27. Rde1 Rf6 28. Bxf6 Bxf6 29. g3 Nd4 30. Nxd4 Bxd4 31. R3e2 Bf6 32. Bg2 b5 33. cxb5 Qxb5 34. Bf1 Qb7 35. Qc4 Kf7 36. Rc2 Rb8 37. Qf4 Qa7 38. Ree2 Rb3 39. Re3 Rxb2 40. Rxb2 Bxb2 41. Bb5 Bc1 42. Qh6 Bb2 43. Qh7+ Bg7 44. Be8+ 1-0

[Event "EU-ch 20th"]
[Site "Skopje"]
[Date "2019.03.26"]
[Round "8"]
[White "Schnabel, Ralf"]
[Black "Konstantinov, Aleksandar1111"]
[Result "1-0"]
[WhiteElo "2205"]
[BlackElo "2079"]
[PlyCount "53"]
[EventDate "2019.03.18"]
[EventType "swiss"]
[EventRounds "11"]
[EventCountry "MKD"]
[SourceTitle "CBM 189"]
[Source "ChessBase"]
[SourceDate "2019.04.29"]
[SourceVersion "1"]
[SourceVersionDate "2019.04.29"]
[SourceQuality "1"]

1. e4 e5 2. Nf3 Nc6 3. Bb5 a6 4. Ba4 Nf6 5. d3 b5 6. Bb3 Bc5 7. c3 d6 8. Bg5 h6 9. Bh4 g5 10. Bg3 Bg4 11. Nbd2 Rb8 12. h3 Bh5 13. h4 Rg8 14. hxg5 hxg5 15. Qe2 Qe7 16. Nf1 Nd8 17. Ne3 Ne6 18. Nf5 Qd7 19. 0-0-0 Qc6 20. Kb1 Ba7 21. d4 Nf4 22. Bxf4 gxf4 23. dxe5 Rxg2 24. exf6 Rxf2 25. Rxh5 Rxe2 26. Rh8+ Kd7 27. Ne5# 1-0

[Event "EU-ch 20th"]
[Site "Skopje"]
[Date "2019.03.24"]
[Round "6"]
[White "Kozul, Zdenko"]
[Black "Schnabel, Ralf"]
[Result "1-0"]
[WhiteElo "2619"]
[BlackElo "2205"]
[PlyCount "127"]
[EventDate "2019.03.18"]
[EventType "swiss"]
[EventRounds "11"]
[EventCountry "MKD"]
[SourceTitle "CBM 189"]
[Source "ChessBase"]
[SourceDate "2019.04.29"]
[SourceVersion "1"]
[SourceVersionDate "2019.04.29"]
[SourceQuality "1"]

1. Nf3 f5 2. g3 Nf6 3. Bg2 g6 4. 0-0 Bg7 5. d3 d6 6. c4 0-0 7. Nc3 e5 8. Rb1 h6 9. b4 g5 10. b5 Nbd7 11. a4 Nc5 12. Ba3 Qe7 13. Nd2 Rb8 14. Nd5 Nxd5 15. cxd5 f4 16. Bxc5 dxc5 17. Nc4 b6 18. a5 g4 19. axb6 axb6 20. Be4 Qf7 21. Qb3 f3 22. Rfe1 Kh8 23. exf3 gxf3 24. Re3 Qh5 25. Qd1 Bg4 26. Ra1 Rf7 27. Ra7 Bf8 28. h4 Rd8 29. Kf1 Bd6 30. Ke1 Rdf8 31. Kd2 Bd7 32. Qb3 Qg4 33. Re1 Qh3 34. Kc3 Rg8 35. Raa1 Rff8 36. Rh1 Qg4 37. Qb2 Qg7 38. Ra7 Rf7 39. Rha1 Qf6 40. Ra8 Rff8 41. Rxf8 Rxf8 42. Ra7 Qe7 43. Nd2 Qe8 44. Kc4 Rf6 45. Ra1 Kg8 46. Qb3 Kg7 47. Nf1 Rf7 48. Ne3 Rf6 49. Rb1 Qa8 50. Kc3 c4 51. Nxc4 Bc5 52. Nxe5 Qe8 53. d4 Bd6 54. Kd3 Bxe5 55. dxe5 Qxe5 56. Qc3 Qd6 57. Kd2 Kf7 58. Rc1 Ke7 59. Qxc7 Qb4+ 60. Ke3 Qxb5 61. Qe5+ Kf7 62. Bxf3 Rf5 63. Qd4 Qb3+ 64. Qc3 1-0

[Event "EU-ch 20th"]
[Site "Skopje"]
[Date "2019.03.20"]
[Round "3"]
[White "Duzhakov, Ilya"]
[Black "Schnabel, Ralf"]
[Result "1/2-1/2"]
[WhiteElo "2405"]
[BlackElo "2205"]
[PlyCount "120"]
[EventDate "2019.03.18"]
[EventType "swiss"]
[EventRounds "11"]
[EventCountry "MKD"]
[SourceTitle "CBM 189"]
[Source "ChessBase"]
[SourceDate "2019.04.29"]
[SourceVersion "1"]
[SourceVersionDate "2019.04.29"]
[SourceQuality "1"]

1. e4 Nf6 2. e5 Nd5 3. d4 d6 4. Nf3 dxe5 5. Nxe5 c6 6. Be2 Nd7 7. Nf3 N7f6 8. c4 Nb6 9. h3 Bf5 10. 0-0 e6 11. Nc3 Ne4 12. Bf4 Nxc3 13. bxc3 Be7 14. Bd3 Bxd3 15. Qxd3 0-0 16. Rfd1 h6 17. a4 Qc8 18. Nd2 Nd7 19. Qg3 Kh8 20. Ne4 Nf6 21. Be5 Rg8 22. Qf4 Qd8 23. Rab1 b6 24. a5 Kh7 25. axb6 axb6 26. Nxf6+ Bxf6 27. Bxf6 gxf6 28. Qe4+ f5 29. Qxc6 Rc8 30. Qxb6 Rxc4 31. Qb7 Rxc3 32. Qxf7+ Rg7 33. Qxe6 Qg5 34. Qd5 Rxh3 35. Rd2 Rh5 36. Rdb2 Qh4 37. g3 Qh2+ 38. Kf1 Qh3+ 39. Kg1 Qh2+ 40. Kf1 Qh3+ 41. Qg2 Qxg2+ 42. Kxg2 f4 43. Rb7 Rd5 44. Rxg7+ Kxg7 45. Rb4 fxg3 46. Kxg3 Kf6 47. Kf4 Rf5+ 48. Ke3 h5 49. Rb8 Kg7 50. Rc8 Rf6 51. Rc7+ Kg8 52. Rc1 Kf7 53. Rh1 Re6+ 54. Kf4 Rf6+ 55. Kg3 Rf5 56. f4 Rd5 57. Rd1 Kf6 58. Kf3 Kf5 59. Ke3 h4 60. Rg1 Kf6 1/2-1/2

[Event "EU-ch 20th"]
[Site "Skopje"]
[Date "2019.03.19"]
[Round "2"]
[White "Schnabel, Ralf"]
[Black "Banzea, Alexandru Bogdan"]
[Result "1/2-1/2"]
[WhiteElo "2205"]
[BlackElo "2427"]
[PlyCount "97"]
[EventDate "2019.03.18"]
[EventType "swiss"]
[EventRounds "11"]
[EventCountry "MKD"]
[SourceTitle "CBM 189"]
[Source "ChessBase"]
[SourceDate "2019.04.29"]
[SourceVersion "1"]
[SourceVersionDate "2019.04.29"]
[SourceQuality "1"]

1. e4 c5 2. Nf3 d6 3. d4 cxd4 4. Nxd4 Nf6 5. Nc3 a6 6. a4 e5 7. Nf3 h6 8. Bc4 Be6 9. Qd3 Qc7 10. Nd5 Nxd5 11. Bxd5 Bxd5 12. Qxd5 Nd7 13. Qd3 Rc8 14. c3 Be7 15. 0-0 0-0 16. Be3 Qc6 17. Nd2 Nf6 18. c4 a5 19. b3 Rfe8 20. Rad1 Bd8 21. Rfe1 Kh7 22. f3 Nd7 23. Nb1 Nc5 24. Bxc5 Qxc5+ 25. Kh1 Rc6 26. Nc3 g6 27. Qc2 Qa7 28. Rd5 Bb6 29. Red1 Bc5 30. Nb5 Qb6 31. Qd3 Re6 32. g3 Qd8 33. Kg2 Qe7 34. Qc2 Kg7 35. Qd3 h5 36. Qe2 f5 37. R5d3 f4 38. gxf4 exf4 39. Nd4 Re5 40. Kh1 Kh7 41. Qd2 Rc8 42. Qxf4 Rf8 43. Qg3 Rg5 44. Qh3 Re5 45. Nb5 Qf6 46. Nc7 Qf7 47. Nb5 Qf6 48. Nc7 Rf7 49. Nb5 1/2-1/2